| 000 | 00529nam a22002051a 4500 | ||
|---|---|---|---|
| 001 | 2009 | ||
| 003 | OSt | ||
| 005 | 20260204211756.0 | ||
| 008 | 040123s1992||||sp ||||||b||||||||||spa|| | ||
| 020 | _a8471123649 | ||
| 050 | _a372.86 W286s | ||
| 082 | _a372.86 | ||
| 100 | _aWass, Stephen | ||
| 245 | _aSalidas escolares y trabajo de campo en la educación primaria / Stephen Wass | ||
| 264 | _aEspaña : Morata | ||
| 300 | _a168 p. | ||
| 500 | _aIncluye bibliografía | ||
| 650 | _a1.Educación PrimariaÌ | ||
| 942 |
_2ddc _cBK |
||
| 999 |
_c2009 _d2009 |
||